[Event "Vietnam National Masters Men 2012"]
[Site "Ho Chi Minh City VIE"]
[Date "2012.11.30"]
[Round "2.7"]
[White "Pham,X"]
[Black "Nguyen Thanh Nghia"]
[Result "1-0"]
[WhiteElo "2232"]
[BlackElo "2114"]
[WhiteFideId "12401307"]
[BlackFideId "12401870"]
[EventDate "2012.11.29"]

1. d4 d5 2. c4 e6 3. Nf3 Nf6 4. e3 Be7 5. Nc3 O-O 6. Bd3 b6 7. cxd5 exd5 8. O-O
Bb7 9. Qc2 Nbd7 10. Ne5 h6 11. Rd1 c5 12. Nxd7 Qxd7 13. b3 cxd4 14. exd4 Rac8
15. f3 Bb4 16. Bb2 Rc7 17. Bf5 Bxc3 18. Bxd7 Bxd4+ 19. Bxd4 Rxc2 20. Bf5 Rc6 21.
Rac1 Rd8 22. Kf2 Ne8 23. Rxc6 Bxc6 24. Rc1 Bb7 25. Be5 g6 26. Bd3 Kf8 27. Ke3
Ke7 28. Kd4 Nd6 29. g4 Kd7 30. h4 Rg8 31. a4 a5 32. Rg1 Bc6 33. Rh1 h5 34. Rg1
hxg4 35. fxg4 Nb7 36. Rf1 Nd8 37. Kc3 Re8 38. Bd4 Kc7 1-0

[Event "Vietnam National Masters Men 2012"]
[Site "Ho Chi Minh City VIE"]
[Date "2012.11.30"]
[Round "2.9"]
[White "Pham Duc Thang"]
[Black "Bui,Trong Hao"]
[Result "1-0"]
[WhiteTitle "FM"]
[WhiteElo "2206"]
[BlackElo "2119"]
[WhiteFideId "12401420"]
[BlackFideId "12401609"]
[EventDate "2012.11.29"]

1. d4 Nf6 2. c4 c6 3. Nc3 d5 4. Nf3 dxc4 5. a4 Bf5 6. e3 e6 7. Bxc4 Bb4 8. O-O
O-O 9. Qe2 Nbd7 10. e4 Bg6 11. Bd3 Re8 12. Bf4 Bh5 13. e5 Nd5 14. Bd2 Bg6 15.
Bxg6 hxg6 16. Ne4 Be7 17. Nfg5 Nf8 18. Rfd1 f5 19. exf6 gxf6 20. Nf3 Qc7 21. Qc4
Rad8 22. b4 Rd7 23. Rac1 a6 24. Re1 Kg7 25. g3 Red8 26. Rc2 Qb8 27. Qb3 Rc7 28.
h4 Rdd7 29. Kg2 Qe8 30. Rb2 Bd6 31. Qc2 Qe7 32. Nc5 Rd8 33. Qc1 Kg8 34. Bh6 Bxc5
35. bxc5 Re8 36. Nd2 Nh7 37. Nc4 Qd7 38. Nd6 Re7 39. Rbe2 Kh8 40. a5 Kg8 41. Qc2
f5 42. Qd2 Ndf6 43. f3 Rc8 44. Nxc8 Qxc8 45. Bf4 Ne8 46. Bd6 Nxd6 47. cxd6 Re8
48. d5 cxd5 49. Qxd5 Nf8 50. d7 Qxd7 51. Qxd7 Nxd7 52. Rxe6 Rc8 53. Rxg6+ Kf7
54. Rge6 Rc7 55. Re7+ Kf8 56. Kh3 1-0

[Event "Vietnam National Masters Men 2012"]
[Site "Ho Chi Minh City VIE"]
[Date "2012.11.30"]
[Round "2.10"]
[White "Le,Cong Cuong"]
[Black "Tran Ngoc Thach"]
[Result "0-1"]
[WhiteElo "2113"]
[BlackElo "2174"]
[WhiteFideId "12403504"]
[BlackFideId "12400416"]
[EventDate "2012.11.29"]

1. e4 e5 2. Nf3 d6 3. d4 Nf6 4. Nc3 Nbd7 5. Bc4 Be7 6. O-O c6 7. a4 Qc7 8. Bg5
Nf8 9. Bxf6 Bxf6 10. d5 Ng6 11. Qd2 O-O 12. Rfd1 Be7 13. b4 a6 14. Bb3 c5 15. b5
Kh8 16. Rdb1 f5 17. Qe3 f4 18. Qd3 a5 19. Nd1 b6 20. Nb2 Rb8 21. Nc4 Bf6 22. Kf1
Rd8 23. Ke1 Nf8 24. Kd2 g5 25. Kc3 Qg7 26. Rh1 Ng6 27. Rag1 Kg8 28. Nb2 Kf8 29.
Bc4 Ke7 30. Kb3 Rh8 31. Qc3 g4 32. Nd2 Ke8 33. Bd3 Qc7 34. Nbc4 Ke7 35. Ka3 Ra8
36. Nb3 Bd7 37. Ra1 h5 38. Rhb1 Rhb8 39. Nbd2 Nh8 40. Nxd6 c4 41. N6xc4 Qc5+ 42.
Kb2 Qxf2 43. Qa3+ Ke8 44. Qd6 Bg7 45. Ka2 Nf7 46. Qg6 Kf8 47. Qxh5 Qxg2 48. Rg1
Qf2 49. Qg6 Ra7 50. Nd6 Nh8 51. Qh5 Qxd2 52. Rab1 Rc7 53. Nf5 Rxc2+ 54. Bxc2
Qxc2+ 55. Ka1 Qxa4+ 56. Kb2 Qb4+ 57. Ka2 Qxe4 58. Qxg4 Qxd5+ 59. Rb3 Bf6 60. Qh5
Be6 61. Qh6+ Ke8 62. Qh5+ Bf7 63. Rg8+ Kd7 64. Qxf7+ Nxf7 65. Rxb8 a4 0-1

[Event "Vietnam National Masters Men 2012"]
[Site "Ho Chi Minh City VIE"]
[Date "2012.11.30"]
[Round "2.11"]
[White "Tran,Minh Thang"]
[Black "Duong,Thu"]
[Result "1/2-1/2"]
[WhiteElo "2096"]
[BlackElo "2018"]
[WhiteFideId "12401080"]
[BlackFideId "12402443"]
[EventDate "2012.11.29"]

1. d4 e6 2. Bf4 d5 3. e3 c5 4. c3 Nc6 5. Nd2 Nf6 6. Bd3 h6 7. Ngf3 Bd6 8. Ne5
Qc7 9. Ndf3 c4 10. Bb1 Nd7 11. Nxc6 bxc6 12. Bxd6 Qxd6 13. e4 Rb8 14. b4 e5 15.
O-O O-O 16. Re1 exd4 17. Qxd4 a5 18. a3 Re8 19. Bc2 axb4 20. axb4 Nf8 21. exd5
Rxe1+ 22. Rxe1 cxd5 23. Rd1 Be6 24. Qxc4 Rc8 25. Qd3 Qc6 26. Nd4 Qxc3 27. Qxc3
Rxc3 28. b5 Bc8 29. Bd3 Ne6 30. Bf1 Nxd4 31. Rxd4 Bb7 32. Ra4 Rc8 33. f3 Kf8 34.
Ra7 Rb8 35. Kf2 Ke7 36. Ke3 Kd7 37. Kd4 Kd6 38. f4 Kc7 39. Kc5 Re8 40. g3 Re1
41. b6+ Kb8 42. Ba6 Rc1+ 43. Kd4 Rd1+ 44. Kc5 Rc1+ 45. Kd4 Rd1+ 46. Bd3 Rd2 47.
Ra1 Bc8 48. Kc3 Rxh2 49. Re1 Rg2 50. Re3 Kb7 51. Kd4 Kxb6 52. Kxd5 Be6+ 53. Kd6
Rd2 54. Ke7 Kc5 55. f5 Bd5 56. Bb1 Rb2 57. Rc3+ Kb4 58. Rd3 Bc4 59. Rd1 Rg2 60.
f6 Rxg3 61. fxg7 Rxg7 62. Kf6 Rg2 63. Rh1 Rf2+ 64. Ke5 Rf1 65. Rxf1 Bxf1 66. Kf6
Bc4 67. Bg6 1/2-1/2

[Event "Vietnam National Masters Men 2012"]
[Site "Ho Chi Minh City VIE"]
[Date "2012.11.30"]
[Round "3.1"]
[White "Tran Tuan Minh"]
[Black "Cao,S"]
[Result "1-0"]
[WhiteTitle "FM"]
[BlackTitle "GM"]
[WhiteElo "2258"]
[BlackElo "2497"]
[WhiteFideId "12401820"]
[BlackFideId "725056"]
[EventDate "2012.11.29"]

1. d4 Nf6 2. Nf3 e6 3. c4 b6 4. g3 Ba6 5. Qc2 c5 6. Bg2 Nc6 7. dxc5 bxc5 8. a3
Be7 9. O-O Qb6 10. e4 e5 11. Bg5 Rb8 12. Bxf6 Bxf6 13. Nc3 Bxc4 14. Nd5 Qb3 15.
Rfc1 Qxc2 16. Rxc2 Bd3 17. Rxc5 Bxe4 18. b4 O-O 19. Nxf6+ gxf6 20. Nxe5 Bxg2 21.
Nxd7 Bf3 22. Rc3 Nd4 23. Rd3 Ne2+ 24. Kf1 Bc6 25. Nxb8 Bb5 26. Kxe2 Rxb8 27. Kd2
Bxd3 28. Kxd3 Kf8 29. Re1 a5 30. Kc4 axb4 31. axb4 Rc8+ 32. Kb3 Rb8 33. Re2 Kg7
34. Kc4 Rc8+ 35. Kd5 Rd8+ 36. Kc6 Rc8+ 37. Kb7 1-0

[Event "Vietnam National Masters Men 2012"]
[Site "Ho Chi Minh City VIE"]
[Date "2012.11.30"]
[Round "3.2"]
[White "Nguyen Van Huy"]
[Black "Nguyen Hoang Nam1"]
[Result "1/2-1/2"]
[WhiteTitle "IM"]
[BlackTitle "CM"]
[WhiteElo "2505"]
[BlackElo "2263"]
[WhiteFideId "12401064"]
[BlackFideId "12402133"]
[EventDate "2012.11.29"]

1. Nf3 c5 2. c4 g6 3. g3 Bg7 4. Bg2 Nc6 5. O-O d6 6. Nc3 e5 7. d3 Nge7 8. Ne1
O-O 9. Nc2 Rb8 10. Rb1 Be6 11. Ne3 a6 12. Ned5 b5 13. Bg5 f6 14. Bd2 Kh8 15. a3
Qd7 16. b4 cxb4 17. axb4 f5 18. cxb5 axb5 19. Bg5 f4 20. Bxe7 Nxe7 21. e3 Nxd5
22. Bxd5 fxe3 23. fxe3 Bh6 24. Qe2 Bg4 25. Bf3 Rxf3 26. Rxf3 Qc6 27. Ne4 Bxf3
28. Qxf3 Qc2 29. Qf6+ Bg7 30. Qf1 Bh6 31. Qf6+ Bg7 32. Qf1 Bh6 33. Qf6+ Bg7 34.
Qf1 1/2-1/2

[Event "Vietnam National Masters Men 2012"]
[Site "Ho Chi Minh City VIE"]
[Date "2012.11.30"]
[Round "3.5"]
[White "Nguyen Duc Hoa"]
[Black "Pham,X"]
[Result "1-0"]
[WhiteTitle "IM"]
[WhiteElo "2503"]
[BlackElo "2232"]
[WhiteFideId "12401358"]
[BlackFideId "12401307"]
[EventDate "2012.11.29"]

1. e4 e5 2. Nf3 Nc6 3. d4 exd4 4. Nxd4 Nf6 5. Nxc6 bxc6 6. e5 Qe7 7. Qe2 Nd5 8.
c4 Nb6 9. b3 Qe6 10. Bb2 Bb4+ 11. Nd2 O-O 12. O-O-O d5 13. exd6 cxd6 14. a3 Qxe2
15. Bxe2 Bxd2+ 16. Rxd2 d5 17. cxd5 Nxd5 18. Kb1 Be6 19. Rc1 Rfb8 20. Rxc6 Rxb3
21. Bc4 Ne7 22. Rxe6 Rxb2+ 23. Kxb2 fxe6 24. Bxe6+ Kf8 25. Rd7 Ke8 26. Rb7 a5
27. Kb3 g5 28. Ka4 h6 29. Rb5 Nc6 30. Bd5 Ra6 31. Bc4 Ra8 32. Rb6 Nd4 33. Rxh6
Kd7 34. Rg6 Kc7 35. Rxg5 Rf8 36. f3 Kb6 37. Rd5 Nc6 38. Rb5+ Kc7 39. Bd5 Nd4 40.
Rb7+ Kd6 41. Be4 Kc5 42. Rc7+ Kd6 43. Rc4 Ne6 44. Rc6+ Ke5 45. Kxa5 Rh8 46. h3
Nf4 1-0

[Event "Vietnam National Masters Men 2012"]
[Site "Ho Chi Minh City VIE"]
[Date "2012.11.30"]
[Round "3.6"]
[White "Tran Ngoc Thach"]
[Black "Duong The Anh"]
[Result "1/2-1/2"]
[BlackTitle "IM"]
[WhiteElo "2174"]
[BlackElo "2368"]
[WhiteFideId "12400416"]
[BlackFideId "12401277"]
[EventDate "2012.11.29"]

1. d4 d5 2. c4 c6 3. Nc3 Nf6 4. Nf3 e6 5. Bg5 h6 6. Bh4 dxc4 7. e4 g5 8. Bg3 b5
9. Be2 Bb7 10. O-O Nbd7 11. Ne5 Bg7 12. Nxd7 Qxd7 13. Be5 O-O-O 14. b3 Ne8 15.
bxc4 f6 16. Bg3 Qxd4 17. Qb3 b4 18. Na4 Nc7 19. Bxc7 Kxc7 20. Qxb4 Qd2 21. Nc3
Qd6 22. Qa5+ Kb8 23. Rab1 Rd7 24. Rb3 Qe5 25. Qa4 Rc8 26. Bf3 Bf8 27. Nd1 Bc5
28. Nb2 Bd6 29. g3 Bc5 30. Nd3 Qd4 31. Rc1 Qxd3 32. Rxd3 Rxd3 33. Be2 Rd4 34.
Qc2 Rcd8 35. Kf1 Kc7 36. Rd1 e5 37. Rxd4 Rxd4 38. Bd3 Bc8 39. Ke2 Bg4+ 40. f3
Be6 41. g4 Rd8 42. Kf1 Rb8 43. Qa4 Rb2 44. Be2 Rb1+ 45. Kg2 Rb2 46. Kf1 Rb1+ 47.
Kg2 Rb2 48. Kf1 Rb1+ 1/2-1/2

[Event "Vietnam National Masters Men 2012"]
[Site "Ho Chi Minh City VIE"]
[Date "2012.11.30"]
[Round "3.9"]
[White "Le Thanh Tai"]
[Black "Tran,Minh Thang"]
[Result "0-1"]
[WhiteTitle "CM"]
[WhiteElo "1943"]
[BlackElo "2096"]
[WhiteFideId "12402192"]
[BlackFideId "12401080"]
[EventDate "2012.11.29"]

1. e4 e6 2. d4 d5 3. Nd2 c5 4. exd5 Qxd5 5. Ngf3 cxd4 6. Bc4 Qd6 7. O-O Nf6 8.
Nb3 Nc6 9. Nbxd4 Nxd4 10. Nxd4 a6 11. Re1 Qc7 12. Bb3 Bd6 13. h3 O-O 14. Bg5 Be5
15. c3 h6 16. Be3 Rd8 17. Qf3 Nd5 18. Nc2 Nxe3 19. Nxe3 Bd7 20. Nc4 Bc6 21. Qe3
Bh2+ 22. Kh1 b5 23. Ne5 Bxe5 24. Qxe5 Qxe5 25. Rxe5 Rd2 26. Rc5 Be4 27. Re1 Bg6
28. Kg1 Rad8 29. c4 b4 30. Rce5 Rxb2 31. R1e2 Rxe2 32. Rxe2 Rd3 33. Bc2 Ra3 34.
Bxg6 fxg6 35. Kf1 Kf7 36. Rc2 Ke7 37. c5 Rc3 38. Rxc3 bxc3 39. Ke2 Kd7 40. Kd3
Kc6 41. Kxc3 Kxc5 42. a3 a5 43. f3 g5 44. Kd3 Kd5 45. Kc3 h5 46. Kb3 Kc5 47. Ka4
g4 48. Kxa5 g5 49. a4 e5 50. hxg4 hxg4 51. Ka6 gxf3 52. gxf3 e4 53. fxe4 g4 54.
e5 g3 55. e6 Kd6 56. e7 Kxe7 0-1

[Event "Vietnam National Masters Men 2012"]
[Site "Ho Chi Minh City VIE"]
[Date "2012.11.30"]
[Round "3.10"]
[White "Duong,Thu"]
[Black "Ton,T"]
[Result "1/2-1/2"]
[BlackTitle "IM"]
[WhiteElo "2018"]
[BlackElo "2209"]
[WhiteFideId "12402443"]
[BlackFideId "12401439"]
[EventDate "2012.11.29"]

1. e4 c5 2. Nf3 Nc6 3. c3 d5 4. exd5 Qxd5 5. d4 e6 6. Be2 Nf6 7. O-O Be7 8. Na3
O-O 9. Nc2 Rd8 10. Be3 cxd4 11. Nfxd4 e5 12. Bf3 Qa5 13. Nxc6 bxc6 14. Qc1 Ba6
15. Re1 e4 16. Bd4 exf3 17. Rxe7 Re8 18. Rxe8+ Rxe8 19. Qf4 fxg2 20. Ne3 Qb5 21.
c4 Qh5 22. Qg3 Kh8 23. Kxg2 c5 24. Bc3 Bb7+ 25. Kf1 Bf3 26. Re1 Re6 27. b3 h6
28. Ng2 Bxg2+ 29. Qxg2 Rxe1+ 30. Kxe1 Qf5 31. Bxf6 Qb1+ 32. Kd2 Qxa2+ 33. Kc1 1/2-1/2

[Event "Vietnam National Masters Men 2012"]
[Site "Ho Chi Minh City VIE"]
[Date "2012.11.30"]
[Round "3.11"]
[White "Bui,Trong Hao"]
[Black "Le,Cong Cuong"]
[Result "1-0"]
[WhiteElo "2119"]
[BlackElo "2113"]
[WhiteFideId "12401609"]
[BlackFideId "12403504"]
[EventDate "2012.11.29"]

1. Nf3 b6 2. g3 Bb7 3. Bg2 e5 4. O-O d6 5. c4 Nf6 6. b3 Be7 7. Nc3 O-O 8. Bb2
Nbd7 9. d4 exd4 10. Qxd4 Nc5 11. Nd5 a5 12. Rfe1 Ne8 13. e4 Bf6 14. e5 dxe5 15.
Nxe5 Bxe5 16. Rxe5 f6 17. Re3 Kh8 18. Rae1 Nd6 19. Qg4 Rf7 20. Qh5 Rb8 21. g4
Nd7 22. Rh3 Nf8 23. Nf4 Bxg2 24. Kxg2 Kg8 25. Ne6 Qe7 26. Nxf8 Qxe1 27. Qxh7+
Kxf8 28. Re3 Qxe3 29. fxe3 Re8 30. c5 bxc5 31. Qh8+ Ke7 32. Qh5 f5 33. Ba3 fxg4
34. Bxc5 Ref8 35. e4 Ke6 36. Qd5+ Kd7 37. e5 Rf5 38. Bxd6 cxd6 39. Qxd6+ Kc8 40.
e6 Rf2+ 41. Kg3 R2f3+ 42. Kxg4 Rf1 43. Qc5+ Kb7 44. e7 1-0

[Event "Vietnam National Masters Men 2012"]
[Site "Ho Chi Minh City VIE"]
[Date "2012.12.01"]
[Round "4.1"]
[White "Vo Thanh Ninh"]
[Black "Tran Tuan Minh"]
[Result "1/2-1/2"]
[BlackTitle "FM"]
[WhiteElo "2306"]
[BlackElo "2258"]
[WhiteFideId "12402141"]
[BlackFideId "12401820"]
[EventDate "2012.11.29"]

1. c4 Nf6 2. g3 e6 3. Bg2 d5 4. Nf3 dxc4 5. Qa4+ c6 6. Qxc4 b5 7. Qc2 Bb7 8. O-O
Nbd7 9. d3 Rc8 10. Bd2 Be7 11. Rc1 O-O 12. Qd1 c5 13. Qe1 b4 14. Rd1 Qb6 15. Bc1
Qb5 16. a4 Qa6 17. b3 Nd5 18. Bb2 Rfd8 19. Nfd2 Bf6 20. Bxf6 N5xf6 21. Nc4 Bxg2
22. Kxg2 Nb8 23. Nbd2 Nd5 24. Ne5 Nc3 25. Rdc1 Qb7+ 26. Kg1 Qd5 27. Nef3 Qd6 28.
Nb1 Nd5 29. Ra2 Nd7 30. Rac2 e5 31. Nfd2 Qe7 32. Nf3 Re8 33. e4 Nc7 34. Nbd2 Ne6
35. Nc4 f6 36. Ne3 Rcd8 37. Qf1 Nb6 38. a5 Na8 39. Nd5 Qd6 40. Nd2 Nac7 41. Nc4
Qc6 42. Nce3 Nxd5 43. exd5 Rxd5 44. Nxd5 Qxd5 45. Rc4 Rd8 46. Qg2 Qxd3 47. Qb7
Rd7 48. Qc8+ Kf7 49. Rxc5 Nxc5 50. Rxc5 Kg6 51. Rc4 Rd4 52. Rxd4 Qxd4 53. Qc2+
e4 54. Qe2 h5 55. Kg2 Kh6 56. h4 Kg6 57. Qb5 Kh6 58. Qe8 Qe5 59. Qh8+ Kg6 60.
Qa8 e3 61. fxe3 Qxe3 62. Qd5 Qe5 63. Qg8 f5 64. a6 Qe2+ 65. Kg1 f4 66. gxf4 Qg4+
67. Kf1 Qxf4+ 68. Ke2 Qxh4 69. Qe8+ Kh7 70. Qb5 Qg4+ 71. Ke1 h4 72. Qd3+ Qg6 73.
Qd4 Qg3+ 74. Ke2 h3 75. Qe4+ Kh6 76. Qc6+ Qg6 77. Qc1+ Kh7 78. Qf4 Qg2+ 79. Ke1
h2 80. Qf5+ Kh6 81. Qe6+ g6 82. Qe3+ g5 83. Qe6+ Kh5 84. Qf7+ Kg4 85. Qd7+ Kf4
86. Qd6+ Ke3 87. Qc5+ Kf4 88. Qd6+ Kg4 89. Qd7+ Kh4 90. Qh7+ Kg3 91. Qc7+ Kh3
92. Qh7+ Kg4 93. Qd7+ 1/2-1/2

[Event "Vietnam National Masters Men 2012"]
[Site "Ho Chi Minh City VIE"]
[Date "2012.12.01"]
[Round "4.2"]
[White "Nguyen Hoang Nam1"]
[Black "Nguyen Van Hai"]
[Result "1-0"]
[WhiteTitle "CM"]
[BlackTitle "FM"]
[WhiteElo "2263"]
[BlackElo "2356"]
[WhiteFideId "12402133"]
[BlackFideId "12400122"]
[EventDate "2012.11.29"]

1. c4 Nf6 2. Nc3 e6 3. d4 Bb4 4. e3 O-O 5. Bd3 d5 6. Nf3 b6 7. O-O Bb7 8. cxd5
exd5 9. Bd2 Nbd7 10. Rc1 c6 11. Ne5 Nxe5 12. dxe5 Nd7 13. f4 Nc5 14. Bb1 Ba6 15.
Rf3 Bd3 16. Rh3 g6 17. Nxd5 Qxd5 18. Bxb4 Bxb1 19. Qxd5 cxd5 20. Rxb1 Rfc8 21.
Rd1 Ne4 22. Rf3 Rc2 23. Rxd5 Rxb2 24. Rd4 a5 25. Be1 Nc5 26. Rf2 Rb1 27. Kf1 Re8
28. Rfd2 Kf8 29. Rd1 Rb2 30. R4d2 Rxd2 31. Rxd2 f6 32. Rd6 fxe5 33. Rxb6 exf4
34. exf4 Re4 35. Bxa5 Rxf4+ 36. Ke2 Ke8 37. Rb4 Rf5 38. Bb6 Nd7 39. Bd4 Ke7 40.
a4 Kd6 41. Kd3 Rf1 42. a5 Kd5 43. a6 Rd1+ 44. Ke3 Re1+ 45. Kd2 Re8 46. a7 Kc6
47. Ra4 Kb7 48. Kd3 Ka8 49. Ra5 Nf8 50. g3 Rd8 51. Re5 Nd7 52. Rd5 Kb7 53. Ke3
Re8+ 54. Kf4 Nf8 55. Kg5 Ne6+ 56. Kh6 Nxd4 57. Rxd4 Re7 58. Rd8 Kxa7 59. Rh8 Kb6
60. Rxh7 Re6 61. Rg7 Re2 62. h4 Kc6 63. Rxg6+ Kd7 64. Rf6 Ke7 65. Rf3 Re4 66.
Kg5 Re5+ 67. Rf5 Re3 68. g4 Ra3 69. h5 Ke6 70. h6 Rh3 71. Kg6 Rh4 72. g5 1-0

[Event "Vietnam National Masters Men 2012"]
[Site "Ho Chi Minh City VIE"]
[Date "2012.12.01"]
[Round "4.3"]
[White "Cao,S"]
[Black "Nguyen Van Huy"]
[Result "1/2-1/2"]
[WhiteTitle "GM"]
[BlackTitle "IM"]
[WhiteElo "2497"]
[BlackElo "2505"]
[WhiteFideId "725056"]
[BlackFideId "12401064"]
[EventDate "2012.11.29"]

1. d4 Nf6 2. Nf3 d5 3. Bf4 c5 4. c3 Qb6 5. Qb3 Nc6 6. e3 c4 7. Qc2 Bf5 8. Qc1 h6
9. Nbd2 e6 10. Be2 Be7 11. h3 O-O 12. g4 Bg6 13. Rg1 Nd7 14. h4 Rae8 15. h5 Bh7
16. g5 hxg5 17. Nxg5 Bxg5 18. Bxg5 f6 19. Bh6 Rf7 20. e4 Qc7 21. Be3 dxe4 22. h6
Qh2 23. Rxg7+ Rxg7 24. hxg7 Qg1+ 25. Nf1 Nb6 26. Qd2 Qxg7 27. O-O-O Kf7 28. Ng3
Ke7 29. Rg1 Kd8 30. Bh6 Qg8 31. Re1 Kc8 32. Bh5 Bg6 33. Bxg6 Qxg6 34. Nxe4 Rd8
35. Nc5 e5 36. Be3 Qf5 1/2-1/2

[Event "Vietnam National Masters Men 2012"]
[Site "Ho Chi Minh City VIE"]
[Date "2012.12.01"]
[Round "4.4"]
[White "Bao Khoa"]
[Black "Nguyen Duc Hoa"]
[Result "1/2-1/2"]
[WhiteTitle "IM"]
[BlackTitle "IM"]
[WhiteElo "2279"]
[BlackElo "2503"]
[WhiteFideId "12401501"]
[BlackFideId "12401358"]
[EventDate "2012.11.29"]

1. d4 d5 2. c4 e6 3. Nc3 Be7 4. e3 Nf6 5. Nf3 O-O 6. Bd3 dxc4 7. Bxc4 c5 8. O-O
Nc6 9. dxc5 Bxc5 10. a3 a6 11. b4 Be7 12. Qe2 b5 13. Bd3 Bb7 14. Rd1 Qc7 15. Bb2
Rac8 16. Rac1 Rfd8 17. h3 Qb8 18. Bb1 Rxd1+ 19. Rxd1 Rd8 20. Ne4 Nxe4 21. Bxe4
h6 22. Rxd8+ Qxd8 23. Qd2 Nd4 24. Qxd4 Qxd4 25. Nxd4 Bxe4 26. f3 Bb7 27. Kf2 g6
28. e4 Kf8 29. Ke3 Bg5+ 30. Kd3 Ke7 31. Nb3 h5 32. Bd4 f5 33. Be5 Bh6 34. Kd4
fxe4 35. fxe4 Ba8 36. g3 Kf7 37. Bf4 g5 38. Be5 g4 39. hxg4 hxg4 40. Kd3 Ke7 41.
Kd4 Kf7 42. Kd3 Ke7 43. Kd4 Kf7 1/2-1/2

[Event "Vietnam National Masters Men 2012"]
[Site "Ho Chi Minh City VIE"]
[Date "2012.12.01"]
[Round "4.5"]
[White "Doan Van Duc"]
[Black "Hoang Canh Huan"]
[Result "0-1"]
[BlackTitle "FM"]
[WhiteElo "2116"]
[BlackElo "2391"]
[WhiteFideId "12400335"]
[BlackFideId "12400599"]
[EventDate "2012.11.29"]

1. Nf3 Nf6 2. c4 c6 3. g3 d5 4. Bg2 g6 5. cxd5 cxd5 6. d4 Bg7 7. O-O O-O 8. Ne5
Nc6 9. Nc3 e6 10. Nxc6 bxc6 11. Bf4 Nh5 12. Be3 Rb8 13. Na4 Nf6 14. Bf4 Rb5 15.
Rc1 Bb7 16. Be5 Bh6 17. Rc2 Ng4 18. Bf4 Bxf4 19. gxf4 Qd6 20. e3 Nf6 21. b3 Nd7
22. Qd3 Nb6 23. Nc5 Nd7 24. Na4 Nb6 25. Nc3 Ra5 26. Qd2 Qd8 27. a4 c5 28. Nb5
Nd7 29. dxc5 a6 30. b4 Rxa4 31. Nc3 Rxb4 32. Na2 Ra4 33. c6 Rxa2 34. Rxa2 Bxc6
35. Rfa1 Bb5 36. Bf1 Qh4 37. f3 Nb6 38. Bxb5 axb5 39. Qa5 Nc4 40. Qxb5 Nxe3 41.
Qc5 Qxf4 42. Ra8 Rxa8 43. Rxa8+ Kg7 44. Qf8+ Kf6 45. Ra7 Qg5+ 46. Kf2 Qg2+ 47.
Kxe3 Qg1+ 48. Ke2 Qxa7 49. Qh8+ Ke7 50. Qxh7 Qa2+ 51. Ke3 Qa3+ 52. Kf2 Qb2+ 53.
Kg3 Qe5+ 54. Kg2 Qg5+ 55. Kf2 Qh5 0-1

[Event "Vietnam National Masters Men 2012"]
[Site "Ho Chi Minh City VIE"]
[Date "2012.12.01"]
[Round "4.6"]
[White "Duong The Anh"]
[Black "Tran,Minh Thang"]
[Result "1-0"]
[WhiteTitle "IM"]
[WhiteElo "2368"]
[BlackElo "2096"]
[WhiteFideId "12401277"]
[BlackFideId "12401080"]
[EventDate "2012.11.29"]

1. d4 g6 2. g3 Bg7 3. Bg2 Nf6 4. e4 d6 5. Ne2 O-O 6. h3 e5 7. dxe5 dxe5 8. O-O
Qe7 9. Be3 c6 10. Qc1 Nbd7 11. Nd2 b6 12. Re1 Rd8 13. a4 a5 14. Nc3 Qe6 15. Nf3
Ne8 16. Rd1 Ba6 17. Ng5 Qe7 18. h4 f6 19. Nf3 Bc4 20. Bh3 Be6 21. Bxe6+ Qxe6 22.
Rd3 Nd6 23. b3 Nb7 24. Qd2 Ndc5 25. Bxc5 Rxd3 26. Qxd3 Nxc5 27. Qe2 Rd8 28. Rd1
Rxd1+ 29. Qxd1 Qd7 30. Qe2 Bh6 31. Kg2 Kf8 32. h5 Kg7 33. hxg6 hxg6 34. Qc4 Qe6
35. Qxe6 Nxe6 36. Kf1 Kf7 37. Ke2 Bf8 38. Nd1 Bc5 39. Nb2 Nd4+ 40. Nxd4 Bxd4 41.
Nc4 Ke6 42. f3 f5 43. g4 fxe4 44. fxe4 Bc5 45. Kd3 Kf6 46. c3 Bf2 47. Ke2 Bc5
48. Kf3 g5 49. Ke2 Ke6 50. Kd3 Bg1 51. Nd2 Bf2 52. Nf3 Kf6 53. Kc4 Be3 54. b4
Ke6 55. b5 c5 56. Kd3 Bf4 57. Ne1 Kd6 58. Nc2 Bc1 59. Kc4 Ke6 60. Ne1 Kd6 61.
Nd3 Be3 62. Kb3 Bf4 63. Nb2 Kc7 64. Nc4 Kb7 65. Kc2 Kc7 66. Kd3 Kb7 67. Nd6+ Kc7
68. Ne8+ Kd7 69. Nf6+ Kc7 70. Kc4 Bd2 71. Nd5+ Kb7 72. Kd3 Bf4 73. Ne7 Kc7 74.
Kc4 Bd2 75. Nd5+ Kb7 76. Nf6 Kc7 77. Ne8+ Kd7 78. Ng7 Kd6 79. Nh5 Ke6 80. Ng7+
Kd6 81. Ne8+ Kd7 82. Nf6+ Kc7 83. Kd3 Bf4 84. Ke2 Kc8 85. Nd5 Kb7 86. Kd3 Bg3
87. Nf6 Kc7 88. Nh7 Bf4 89. Kc4 Bd2 90. Kd5 Bxc3 91. Nxg5 Bd2 92. Nf7 Bf4 93.
Nd6 1-0

[Event "Vietnam National Masters Men 2012"]
[Site "Ho Chi Minh City VIE"]
[Date "2012.12.01"]
[Round "4.7"]
[White "Pham,X"]
[Black "Tran Ngoc Thach"]
[Result "0-1"]
[WhiteElo "2232"]
[BlackElo "2174"]
[WhiteFideId "12401307"]
[BlackFideId "12400416"]
[EventDate "2012.11.29"]

1. d4 e6 2. c4 Nf6 3. g3 d5 4. Bg2 dxc4 5. Qa4+ Bd7 6. Qxc4 Bc6 7. Nf3 Be7 8.
Nc3 O-O 9. O-O Ne4 10. Qd3 Nxc3 11. bxc3 Nd7 12. Rd1 Nf6 13. Bh3 Be4 14. Qe3 c6
15. Ne1 Qa5 16. f3 Bf5 17. Bxf5 Qxf5 18. Qd3 Qa5 19. e4 Rfd8 20. Be3 c5 21. Rab1
Qc7 22. Qb5 cxd4 23. cxd4 b6 24. Rdc1 Qd7 25. Qa6 Ne8 26. Nd3 Bd6 27. Rb3 f6 28.
Rbc3 Qf7 29. Kg2 Rd7 30. a4 Rad8 31. Rc6 h6 32. Qc4 Re7 33. Rc2 Kh8 34. Rc3 Kg8
35. Qb3 Kh8 36. e5 fxe5 37. dxe5 Bb8 38. f4 Nc7 39. Nb4 Red7 40. Qc2 a5 41. Rxc7
Rxc7 42. Nd3 Rxc3 43. Qxc3 Qb7+ 44. Kg1 b5 45. axb5 Qxb5 46. Nf2 a4 47. Qa3 Bc7
48. Qe7 Qd7 49. Qc5 Ra8 50. f5 exf5 51. Bc1 Qe6 52. Qxc7 Rc8 53. Qa5 Rxc1+ 54.
Kg2 Qc6+ 55. Kh3 Rc2 56. Qa7 Qf3 0-1

[Event "Vietnam National Masters Men 2012"]
[Site "Ho Chi Minh City VIE"]
[Date "2012.12.01"]
[Round "4.8"]
[White "Nguyen Tan Thinh"]
[Black "Bui,Trong Hao"]
[Result "1-0"]
[WhiteElo "1919"]
[BlackElo "2119"]
[WhiteFideId "12403458"]
[BlackFideId "12401609"]
[EventDate "2012.11.29"]

1. e4 c6 2. d4 d5 3. Nc3 dxe4 4. Nxe4 Nd7 5. Nf3 Ngf6 6. Ng3 e6 7. Bd3 Qc7 8.
O-O Bd6 9. b3 O-O 10. c4 b6 11. Bb2 Bb7 12. Qc2 h6 13. Nd2 c5 14. Nde4 cxd4 15.
Bxd4 Be5 16. Bxe5 Qxe5 17. Rfe1 Qc7 18. Be2 Nxe4 19. Nxe4 Rad8 20. Nd2 Ne5 21.
Nf1 Qc6 22. Ne3 f5 23. Qc3 Qc7 24. Nc2 Rde8 25. Bh5 Ng4 26. Qh3 Re7 27. Bxg4
fxg4 28. Qxg4 Rf5 29. h4 Ref7 30. Re2 Qc5 31. Ne3 Rf4 32. Qxe6 Rxh4 33. Nf1 Rf4
34. Qe3 Qg5 35. Ng3 h5 36. Qe8+ Rf8 37. Qe6+ R4f7 38. Re5 Qd2 39. Rf1 h4 40. Nf5
Kh7 41. Nd6 Qd3 42. Nxf7 1-0